Management of high technology : An East/West interdependence
Bewaard in:
| Coauteur: | |
|---|---|
| Formaat: | Boek |
| Taal: | Undetermined |
| Gepubliceerd in: |
Japan
Electronic industries association of Japan
1982
|
| Onderwerpen: | |
| Tags: |
Voeg label toe
Geen labels, Wees de eerste die dit record labelt!
|
| Thư viện lưu trữ: | Trung tâm Học liệu Trường Đại học Cần Thơ |
|---|
| LEADER | 00625nam a2200205Ia 4500 | ||
|---|---|---|---|
| 001 | CTU_95448 | ||
| 008 | 210402s9999 xx 000 0 und d | ||
| 082 | |a 658.5 | ||
| 082 | |b E38 | ||
| 110 | |a Electronic industries association of Japan | ||
| 245 | 0 | |a Management of high technology : | |
| 245 | 3 | |b An East/West interdependence | |
| 245 | 0 | |c Electronic industries association of Japan | |
| 260 | |a Japan | ||
| 260 | |b Electronic industries association of Japan | ||
| 260 | |c 1982 | ||
| 650 | |a Research, industrial | ||
| 650 | |x Management | ||
| 904 | |i Giang | ||
| 980 | |a Trung tâm Học liệu Trường Đại học Cần Thơ | ||